| 000 | 01008nam a2200289 i 4500 | ||
|---|---|---|---|
| 001 | 8227 | ||
| 003 | KOSZ 005 | ||
| 005 | 20210701123558.0 | ||
| 008 | 081116s1954 pl a f f 001 0 pol | ||
| 015 | _aPB 1954/4245 | ||
| 040 |
_aWA N _cKOSZ 005/RW _dKOSZ 005/RW |
||
| 080 | _a546+54 | ||
| 100 | 1 |
_aTołłoczko, Stanisław _d(1868-1935) _eAutor |
|
| 245 | 1 | 0 |
_aChemia nieorganiczna łącznie z zasadami chemii ogólnej / _cStanisław Tołłoczko, Wiktor Kemula. |
| 250 | _aWyd. 2. | ||
| 260 |
_aWarszawa : _bPaństwowe Wydawnictwo Naukowe, _c1954. |
||
| 300 |
_a512 s., [1] k. tabl. : _bil. ; _c25 cm. |
||
| 380 | _aKsiążki. | ||
| 504 | _aIndeks. | ||
| 650 | 4 | _aChemia | |
| 655 | 4 | _aPodręczniki akademickie | |
| 658 | _aChemia | ||
| 700 | 1 |
_aKemula, Wiktor _d(1902-1985) _eAutor |
|
| 710 | 2 |
_aPaństwowe Wydawnictwo Naukowe _4pbl. |
|
| 856 |
_uhttp://koha.tu.koszalin.pl/cgi-bin/koha/opac-detail.pl?biblionumber=8227 _yKatalog online BPK |
||
| 942 |
_2UKD _cKS |
||
| 999 |
_c8227 _d8227 |
||